| 000 | 00390nam a22001697a 4500 | ||
|---|---|---|---|
| 005 | 20160531161924.0 | ||
| 008 | 160531b xxu||||| |||| 00| 0 eng d | ||
| 020 | _a81-297-0097-2 | ||
| 041 | _aeng | ||
| 082 | _b6435 | ||
| 100 |
_aAward Elias and others _91614 |
||
| 245 | _aKnowledge Management | ||
| 260 |
_bPearsons _c2004 |
||
| 300 | _a447 | ||
| 650 |
_aManagement _9241 |
||
| 942 | _cBK | ||
| 999 |
_c2274 _d2273 |
||